Quick Pick: Sugar Bowl Appearances Quiz Stats

 Plays Quiz Updated Mar 12, 2018

Challenge
Share
Tweet
Embed
Score 0/11 Timer 01:30
1 Play Today
% Correct
Alabama
88.6%
Florida
80.7%
Georgia
80.1%
Auburn
78%
LSU
74.6%
Florida State
64.3%
Tennessee
61%
Ole Miss
52%
Oklahoma
51.8%
Ohio State
50.8%
Arkansas
48.3%

Today's Daily Dose

You're not logged in!

Compare scores with friends on all Sporcle quizzes.
Join for Free
OR
Log In

You Might Also Like...

Show Comments

Extras

Top Quizzes Today


Score Distribution

Your Account Isn't Verified!

In order to create a playlist on Sporcle, you need to verify the email address you used during registration. Go to your Sporcle Settings to finish the process.

Report this User

Report this user for behavior that violates our Community Guidelines.

Details: